[Event "Titled Tuesday intern op 16th Apr Early"]
[Site "Chess.com INT"]
[Date "2024.04.16"]
[Round "6"]
[White "Santos Flores, Alberto Javier"]
[Black "Mikhailovsky, Vladimir"]
[Result "1/2-1/2"]
[WhiteElo "2183"]
[BlackElo "2215"]
[PlyCount "133"]
[EventDate "2024.04.16"]
[EventType "swiss (blitz)"]
[EventRounds "11"]
[EventCountry "USA"]
[SourceTitle "CB17_2024"]
[SourceDate "2024.04.24"]
[SourceVersion "1"]
[SourceVersionDate "2024.04.24"]
[SourceQuality "1"]

1. e4 c5 2. Nf3 e6 3. g3 d5 4. exd5 exd5 5. d4 Nf6 6. Bg2 Be7 7. 0-0 0-0 8. dxc5 Bxc5 9. Nbd2 Nc6 10. Nb3 Bb6 11. c3 h6 12. Nbd4 Re8 13. Be3 Ne4 14. Re1 Be6 15. Nd2 Nxd4 16. Bxd4 Bxd4 17. cxd4 Bf5 18. Nb3 Qd7 19. Nc5 Qb5 20. Nxe4 Bxe4 21. Bxe4 dxe4 22. Qb3 Qxb3 23. axb3 a6 24. Rac1 Re7 25. Rc4 Rd8 26. d5 Rxd5 27. Rcxe4 Rxe4 28. Rxe4 Rd2 29. Re8+ Kh7 30. Re7 b5 31. Rxf7 Rxb2 32. Ra7 Rxb3 33. Rxa6 Rb1+ 34. Kg2 b4 35. Rb6 b3 36. h4 Kg8 37. h5 Kf7 38. Kf3 Ke7 39. Rb7+ Kf6 40. g4 b2 41. Rb5 Ke6 42. Kg2 Kd6 43. Rb8 Ke5 44. f3 Kf4 45. Rf8+ Ke3 46. Re8+ Kf4 47. Rf8+ Kg5 48. Rf5+ Kh4 49. Rb5 Rc1 50. Rxb2 Rc7 51. Re2 Ra7 52. Rf2 Rb7 53. Rd2 Ra7 54. Kf2 Kh3 55. Rd6 Ra2+ 56. Ke3 Kg3 57. Rg6 Ra3+ 58. Ke4 Rxf3 59. Rxg7 Rf4+ 60. Ke3 Rxg4 61. Rxg4+ Kxg4 62. Kf2 Kxh5 63. Kg1 Kg6 64. Kh1 h5 65. Kh2 h4 66. Kh3 Kf7 67. Kxh4 1/2-1/2

[Event "Titled Tuesday intern op 16th Apr Early"]
[Site "Chess.com INT"]
[Date "2024.04.16"]
[Round "2"]
[White "Yezhel, Valiantsin"]
[Black "Mikhailovsky, Vladimir"]
[Result "0-1"]
[WhiteElo "2266"]
[BlackElo "2215"]
[PlyCount "100"]
[EventDate "2024.04.16"]
[EventType "swiss (blitz)"]
[EventRounds "11"]
[EventCountry "USA"]
[SourceTitle "CB17_2024"]
[SourceDate "2024.04.24"]
[SourceVersion "1"]
[SourceVersionDate "2024.04.24"]
[SourceQuality "1"]

1. d4 d5 2. Bf4 c5 3. e3 cxd4 4. exd4 Bf5 5. c3 Nc6 6. Qb3 Qd7 7. Nf3 f6 8. Nbd2 e6 9. h3 Nge7 10. Be2 Ng6 11. Bg3 Bd6 12. Bxd6 Qxd6 13. g4 Be4 14. Nxe4 dxe4 15. Nd2 f5 16. 0-0-0 Nf4 17. Bc4 0-0-0 18. Kb1 Kb8 19. Bb5 g6 20. Nc4 Qd5 21. Bxc6 Qxc6 22. Ne5 Qc7 23. f3 e3 24. Rde1 e2 25. Qc2 Rd5 26. Qc1 g5 27. Qc2 Rxe5 28. dxe5 Qxe5 29. Qd2 Kc7 30. h4 Rd8 31. Qc2 gxh4 32. Rxh4 Rd7 33. gxf5 exf5 34. Rh2 Qe3 35. Rhxe2 Nxe2 36. Qxe2 Qxe2 37. Rxe2 Kd6 38. Kc2 h5 39. Re8 Rh7 40. Kd3 h4 41. Re2 h3 42. Rh2 Ke5 43. Ke3 f4+ 44. Ke2 Kf5 45. c4 Kg5 46. Kf2 Kh4 47. Rh1 Rd7 48. Rg1 Rd2+ 49. Ke1 h2 50. Rh1 Rxb2 0-1

[Event "Titled Tuesday intern op 02nd Apr Early"]
[Site "Chess.com INT"]
[Date "2024.04.02"]
[Round "11"]
[White "Mikhailovsky, Vladimir"]
[Black "Hua, Lefong"]
[Result "1/2-1/2"]
[WhiteElo "2215"]
[BlackElo "2305"]
[PlyCount "121"]
[EventDate "2024.04.02"]
[EventType "swiss (blitz)"]
[EventRounds "11"]
[EventCountry "USA"]
[SourceTitle "CB15_2024"]
[SourceDate "2024.04.10"]
[SourceVersion "1"]
[SourceVersionDate "2024.04.10"]
[SourceQuality "1"]

1. e4 c5 2. Nf3 g6 3. d4 cxd4 4. Qxd4 Nf6 5. Nc3 Nc6 6. Qa4 d6 7. e5 dxe5 8. Nxe5 Bg7 9. Bb5 0-0 10. Nxc6 bxc6 11. Bxc6 Bd7 12. 0-0 Rc8 13. Bxd7 Qxd7 14. Qxd7 Nxd7 15. Nd5 Rxc2 16. Nxe7+ Kh8 17. Be3 Rxb2 18. a4 a5 19. Nc6 Rc2 20. Rac1 Ra2 21. Rc4 Ne5 22. Nxe5 Bxe5 23. Rc5 Bf6 24. Rxa5 Rc8 25. Ra6 Kg7 26. a5 Rc4 27. g3 Rca4 28. Bb6 Bd4 29. Bd8 h5 30. Kg2 Bc3 31. Rc1 Bd4 32. Rf1 Bc3 33. Rc6 Bxa5 34. Bf6+ Kh7 35. Rc8 g5 36. Bxg5 Kg6 37. Be3 Re4 38. Rc6+ f6 39. Kf3 Re5 40. Ra6 Rf5+ 41. Kg2 Rc2 42. Rd1 Bc3 43. Rd3 Be1 44. Ra1 Bxf2 45. Bxf2 Rfxf2+ 46. Kg1 Rg2+ 47. Kf1 Rxh2 48. Kg1 Rcg2+ 49. Kf1 Kg5 50. Ra5+ f5 51. Rf3 Rb2 52. Rfxf5+ Kg6 53. Rg5+ Kf6 54. Raf5+ Ke6 55. Kg1 Rbg2+ 56. Kf1 Rxg3 57. Re5+ Kd6 58. Rd5+ Ke6 59. Rde5+ Kd6 60. Rd5+ Ke6 61. Rde5+ 1/2-1/2

[Event "Titled Tuesday intern op 02nd Apr Early"]
[Site "Chess.com INT"]
[Date "2024.04.02"]
[Round "9"]
[White "Mikhailovsky, Vladimir"]
[Black "Povshednyi, Ivan"]
[Result "1-0"]
[WhiteElo "2215"]
[BlackElo "2249"]
[PlyCount "155"]
[EventDate "2024.04.02"]
[EventType "swiss (blitz)"]
[EventRounds "11"]
[EventCountry "USA"]
[SourceTitle "CB15_2024"]
[SourceDate "2024.04.10"]
[SourceVersion "1"]
[SourceVersionDate "2024.04.10"]
[SourceQuality "1"]

1. e4 c5 2. Nf3 d6 3. d4 cxd4 4. Nxd4 Nf6 5. Nc3 a6 6. Rg1 e5 7. Nb3 h5 8. h3 h4 9. Be3 Be6 10. Qd2 Nbd7 11. 0-0-0 b5 12. Kb1 Be7 13. f4 Nb6 14. fxe5 dxe5 15. Qxd8+ Bxd8 16. Rxd8+ Rxd8 17. Bxb6 Rc8 18. Be3 Bc4 19. Bxc4 Rxc4 20. Nd2 Rc8 21. a3 Nd7 22. Nd5 f6 23. c4 bxc4 24. Rc1 Kf7 25. Nxc4 Ke6 26. b3 Nc5 27. Bxc5 Rxc5 28. Rd1 Rb8 29. Kc2 a5 30. Kc3 Rbc8 31. Nde3 g6 32. Rd6+ Ke7 33. Nd5+ Kf7 34. Rd7+ Kf8 35. Rd6 f5 36. Rxg6 fxe4 37. Rg4 Rxd5 38. Rxe4 Rd1 39. Rxh4 a4 40. Rh8+ Kg7 41. Rxc8 axb3 42. Kxb3 Rb1+ 43. Nb2 Rg1 44. Rc2 e4 45. Nc4 Rb1+ 46. Rb2 Rc1 47. a4 Kf6 48. a5 Ra1 49. Ra2 Rb1+ 50. Kc2 Rb7 51. a6 Ra7 52. Nd6 Ke5 53. Nb5 Ra8 54. a7 Rc8+ 55. Kd2 Ra8 56. Nc7 Rxa7 57. Rxa7 Kf4 58. Ra4 Kg3 59. Rxe4 Kf2 60. Rg4 Kf1 61. h4 Kf2 62. h5 Kf1 63. h6 Kf2 64. h7 Kf1 65. h8Q Kg1 66. Re4 Kf2 67. Qf6+ Kg1 68. g4 Kh2 69. Re2+ Kg3 70. Qf2+ Kh3 71. Qg2+ Kh4 72. g5 Kh5 73. g6 Kh6 74. g7 Kh5 75. g8Q Kh6 76. Ne6 Kh5 77. Nf4+ Kh6 78. Q2g6# 1-0

[Event "Titled Tuesday intern op 12th Mar Early"]
[Site "Chess.com INT"]
[Date "2024.03.12"]
[Round "1"]
[White "Lopez, Nelson M"]
[Black "Mikhailovsky, Vladimir"]
[Result "0-1"]
[WhiteElo "2037"]
[BlackElo "2215"]
[PlyCount "62"]
[EventDate "2024.03.12"]
[EventType "swiss (blitz)"]
[EventRounds "11"]
[EventCountry "USA"]
[SourceTitle "CB12_2024"]
[SourceDate "2023.10.01"]
[SourceVersion "1"]
[SourceVersionDate "2023.10.01"]
[SourceQuality "1"]

1. e4 c6 2. d4 d5 3. Nc3 dxe4 4. Bc4 Nf6 5. f3 e3 6. Bxe3 Bf5 7. Nge2 e6 8. Ng3 Bg6 9. Qe2 Be7 10. 0-0-0 b5 11. Bd3 Qa5 12. Kb1 Na6 13. Nge4 Nb4 14. Nxf6+ gxf6 15. Bxg6 hxg6 16. a3 Nd5 17. Nxd5 cxd5 18. Bd2 b4 19. Bxb4 Bxb4 20. axb4 Qxb4 21. Qd2 Qb6 22. Qc3 0-0 23. h4 Rfc8 24. Qa3 Rc4 25. h5 g5 26. h6 Qb4 27. Qd3 Rb8 28. b3 Rc3 29. h7+ Kh8 30. Qa6 Rxb3+ 31. Kc1 Rb1# 0-1

[Event "Titled Tuesday intern op 12th Mar Early"]
[Site "Chess.com INT"]
[Date "2024.03.12"]
[Round "10"]
[White "Suyarov, Mukhammadzokhid"]
[Black "Mikhailovsky, Vladimir"]
[Result "0-1"]
[WhiteElo "2407"]
[BlackElo "2215"]
[PlyCount "42"]
[EventDate "2024.03.12"]
[EventType "swiss (blitz)"]
[EventRounds "11"]
[EventCountry "USA"]
[SourceTitle "CB12_2024"]
[SourceDate "2023.10.01"]
[SourceVersion "1"]
[SourceVersionDate "2023.10.01"]
[SourceQuality "1"]

1. e4 c5 2. Nf3 e6 3. c3 d5 4. e5 d4 5. Bd3 Bd7 6. cxd4 cxd4 7. 0-0 Bc6 8. Re1 Ne7 9. Na3 Ng6 10. Nc2 Nd7 11. Bxg6 hxg6 12. Ncxd4 Bd5 13. d3 Bc5 14. Bf4 Qb6 15. Be3 Rh5 16. Rc1 Rd8 17. a3 a5 18. Qa4 Ke7 19. b4 axb4 20. axb4 Qxb4 21. Nf5+ Rxf5 0-1

[Event "Titled Tuesday intern op 06th Feb Early"]
[Site "Chess.com INT"]
[Date "2024.02.06"]
[Round "7"]
[White "Borgaonkar, Akshay"]
[Black "Mikhailovsky, Vladimir"]
[Result "0-1"]
[WhiteElo "2372"]
[BlackElo "2215"]
[PlyCount "97"]
[EventDate "2024.02.06"]
[EventType "swiss (blitz)"]
[EventRounds "11"]
[EventCountry "USA"]
[SourceTitle "CB07_2024"]
[SourceDate "2024.02.14"]
[SourceVersion "1"]
[SourceVersionDate "2024.02.14"]
[SourceQuality "1"]

1. b3 c5 2. Bb2 Nf6 3. c4 d5 4. cxd5 Nxd5 5. a3 Nc6 6. e3 e5 7. Nc3 Nxc3 8. Bxc3 Bd6 9. Qc2 0-0 10. Nf3 f5 11. h4 e4 12. Bc4+ Kh8 13. Ng5 Qe7 14. Qb2 Ne5 15. Bd5 Nd3+ 16. Ke2 Nxb2 17. Bxb2 Be5 18. Bxe5 Qxe5 19. Nf7+ Rxf7 20. Bxf7 Be6 21. Bxe6 Qxe6 22. Rab1 Rd8 23. Rhc1 Qd5 24. Rb2 b6 25. Rc3 Qf7 26. g3 Qh5+ 27. Ke1 Qf3 28. b4 cxb4 29. axb4 h6 30. Ra2 Rd7 31. Rc8+ Kh7 32. Rc3 g5 33. hxg5 hxg5 34. b5 Kg6 35. Rc6+ Kh5 36. Rc8 Kg4 37. Rh8 Rc7 38. Ra1 Rc2 39. Rh2 Rb2 40. Kf1 Rxd2 41. Re1 Rb2 42. Kg1 Rxb5 43. Rg2 Rd5 44. Kh2 Rd1 45. Rxd1 Qxd1 46. f4 exf3 47. Rf2 Qe2 48. Kg1 Kxg3 49. Kh1 0-1

[Event "Titled Tuesday intern op 06th Feb Early"]
[Site "Chess.com INT"]
[Date "2024.02.06"]
[Round "11"]
[White "Lazavik, Denis"]
[Black "Mikhailovsky, Vladimir"]
[Result "1-0"]
[WhiteElo "2567"]
[BlackElo "2215"]
[PlyCount "105"]
[EventDate "2024.02.06"]
[EventType "swiss (blitz)"]
[EventRounds "11"]
[EventCountry "USA"]
[SourceTitle "CB07_2024"]
[SourceDate "2024.02.14"]
[SourceVersion "1"]
[SourceVersionDate "2024.02.14"]
[SourceQuality "1"]

1. d4 d6 2. Nf3 Nf6 3. c4 g6 4. g3 Bg7 5. Bg2 0-0 6. Nc3 Bf5 7. Nh4 Bc8 8. 0-0 Nc6 9. Nf3 Bf5 10. Ne1 e5 11. d5 Ne7 12. e4 Bd7 13. Nd3 b6 14. h3 c5 15. Be3 Ne8 16. Qd2 f5 17. f4 exf4 18. Bxf4 fxe4 19. Nxe4 Nf5 20. Rae1 b5 21. b3 a5 22. g4 Nh4 23. Bg5 Nf6 24. Rxf6 Rxf6 25. Bxh4 Rf1+ 26. Rxf1 Qxh4 27. Qg5 Bd4+ 28. Kh1 Qxg5 29. Nxg5 bxc4 30. bxc4 Rb8 31. Ne6 Bc3 32. Be4 a4 33. Kg2 a3 34. h4 Ba4 35. h5 Bb3 36. axb3 a2 37. hxg6 hxg6 38. Bxg6 a1Q 39. Rxa1 Bxa1 40. Nc7 Rxb3 41. Nb5 Kg7 42. Bf5 Be5 43. Nxe5 dxe5 44. d6 Kf6 45. d7 Ke7 46. Nd6 Rb8 47. Ne4 Rb4 48. Nxc5 Rxc4 49. Nb7 Rd4 50. d8Q+ Rxd8 51. Nxd8 Kxd8 52. Kf3 Ke7 53. g5 1-0

[Event "Titled Tuesday intern op 09th Jan Early"]
[Site "Chess.com INT"]
[Date "2024.01.09"]
[Round "9"]
[White "Mikhailovsky, Vladimir"]
[Black "Fernandez Garcia, Gumersindo"]
[Result "1-0"]
[WhiteElo "2215"]
[BlackElo "2117"]
[PlyCount "75"]
[EventDate "2024.01.09"]
[EventType "swiss (blitz)"]
[EventRounds "11"]
[EventCountry "USA"]
[SourceTitle "CB03_2024"]
[SourceDate "2024.01.17"]
[SourceVersion "1"]
[SourceVersionDate "2024.01.17"]
[SourceQuality "1"]

1. e4 c5 2. Nf3 g6 3. d4 cxd4 4. Qxd4 Nf6 5. Nc3 Nc6 6. Qa4 d6 7. e5 dxe5 8. Nxe5 Bd7 9. Nxd7 Qxd7 10. Be2 Bg7 11. Be3 0-0 12. Rd1 Qc8 13. 0-0 Rd8 14. Rxd8+ Qxd8 15. Bf3 Qe8 16. Nb5 Rc8 17. Nxa7 Nxa7 18. Qxa7 h5 19. c3 Ra8 20. Qb6 Rxa2 21. Qxb7 Ng4 22. Bb6 Rxb2 23. c4 Bd4 24. h3 Rxb6 25. Qe4 Bxf2+ 26. Kh1 Nf6 27. Qe5 Bh4 28. Qd4 Rd6 29. Qxh4 Qc8 30. Rc1 Rd2 31. c5 Nd7 32. c6 Nb8 33. Qxe7 Rd8 34. c7 Re8 35. Qxe8+ Qxe8 36. c8Q Qxc8 37. Rxc8+ Kg7 38. Rxb8 1-0

[Event "Titled Tuesday intern op 12th Dec Early"]
[Site "Chess.com INT"]
[Date "2023.12.12"]
[Round "8"]
[White "Mikhailovsky, Vladimir"]
[Black "Khamdamova, Afruza"]
[Result "1-0"]
[WhiteElo "2215"]
[BlackElo "2327"]
[PlyCount "63"]
[EventDate "2023.12.12"]
[EventType "swiss (blitz)"]
[EventRounds "11"]
[EventCountry "USA"]
[SourceTitle "CB51_2023"]
[SourceDate "2023.12.20"]
[SourceVersion "1"]
[SourceVersionDate "2023.12.20"]
[SourceQuality "1"]

1. e4 e5 2. f4 Nc6 3. Nf3 exf4 4. Bc4 Nf6 5. d3 d5 6. exd5 Nxd5 7. 0-0 Bc5+ 8. d4 Bb6 9. c3 0-0 10. Bxd5 Qxd5 11. Bxf4 Bf5 12. Nbd2 Rae8 13. Kh1 Bd3 14. Re1 Ne7 15. Ne5 Bf5 16. Ndf3 c5 17. dxc5 Qxc5 18. Nd7 Bxd7 19. Qxd7 Bd8 20. Qxb7 f6 21. Qd7 Qc8 22. Qa4 Bc7 23. Bxc7 Qxc7 24. Nd4 Qc8 25. Qxa7 Nd5 26. Qa4 Ne3 27. Re2 Ng4 28. Rae1 Re5 29. Nc6 Rxe2 30. Rxe2 Kh8 31. Ne7 Qc5 32. Qxg4 1-0

[Event "Titled Tuesday intern op 12th Dec Early"]
[Site "Chess.com INT"]
[Date "2023.12.12"]
[Round "9"]
[White "Ovetchkin, Roman"]
[Black "Mikhailovsky, Vladimir"]
[Result "0-1"]
[WhiteElo "2518"]
[BlackElo "2215"]
[PlyCount "60"]
[EventDate "2023.12.12"]
[EventType "swiss (blitz)"]
[EventRounds "11"]
[EventCountry "USA"]
[SourceTitle "CB51_2023"]
[SourceDate "2023.12.20"]
[SourceVersion "1"]
[SourceVersionDate "2023.12.20"]
[SourceQuality "1"]

1. d4 d6 2. e4 Nf6 3. Nc3 Nbd7 4. f4 e5 5. Nf3 exd4 6. Qxd4 c6 7. Be3 d5 8. e5 Bc5 9. Qd2 Bxe3 10. Qxe3 Ng4 11. Qd2 Qb6 12. 0-0-0 Nc5 13. Nd4 h5 14. h3 Nh6 15. Be2 h4 16. Kb1 Nf5 17. Bg4 Nxd4 18. Qxd4 Bxg4 19. hxg4 0-0-0 20. f5 Rde8 21. a3 Nd7 22. Qf4 Rxe5 23. g5 Qe3 24. Rxh4 Rxh4 25. Qxh4 Rxf5 26. Qh8+ Kc7 27. Qxg7 Qxg5 28. Qh7 Rf2 29. Re1 Qxg2 30. Re7 Qf1+ 0-1

[Event "Titled Tuesday intern op 12th Dec Early"]
[Site "Chess.com INT"]
[Date "2023.12.12"]
[Round "2"]
[White "Postlmayer, Jakob"]
[Black "Mikhailovsky, Vladimir"]
[Result "1-0"]
[WhiteElo "2365"]
[BlackElo "2215"]
[PlyCount "79"]
[EventDate "2023.12.12"]
[EventType "swiss (blitz)"]
[EventRounds "11"]
[EventCountry "USA"]
[SourceTitle "CB51_2023"]
[SourceDate "2023.12.20"]
[SourceVersion "1"]
[SourceVersionDate "2023.12.20"]
[SourceQuality "1"]

1. c4 c6 2. Nf3 d5 3. e3 Nf6 4. Nc3 Nbd7 5. d4 e6 6. Be2 Bd6 7. 0-0 0-0 8. b3 Qe7 9. Bb2 dxc4 10. bxc4 e5 11. Re1 Re8 12. h3 b6 13. Qb3 e4 14. Nd2 Nf8 15. a4 Bb4 16. Ba3 a5 17. Reb1 c5 18. Bxb4 axb4 19. Nb5 Ng6 20. Bf1 Rd8 21. d5 Nh4 22. Qd1 Qe5 23. g3 Nf5 24. Bg2 Nd6 25. Nxd6 Rxd6 26. Ra2 Bd7 27. Rba1 h5 28. h4 Ng4 29. Nxe4 Rg6 30. a5 bxa5 31. Rxa5 Rxa5 32. Rxa5 f6 33. Nxc5 Nxf2 34. Qf3 Rxg3 35. Qxf2 Bg4 36. Nd3 Qxe3 37. Qxe3 Rxe3 38. Nxb4 Rc3 39. d6 Rxc4 40. Bd5+ 1-0

[Event "Titled Tuesday intern op 14th Nov Early"]
[Site "Chess.com INT"]
[Date "2023.11.14"]
[Round "4"]
[White "Mikhailovsky, Vladimir"]
[Black "Purtseladze, Maka"]
[Result "1-0"]
[WhiteElo "2215"]
[BlackElo "2261"]
[PlyCount "113"]
[EventDate "2023.11.14"]
[EventType "swiss (blitz)"]
[EventRounds "11"]
[EventCountry "USA"]
[SourceTitle "CB47_2023"]
[SourceDate "2023.11.22"]
[SourceVersion "1"]
[SourceVersionDate "2023.11.22"]
[SourceQuality "1"]

1. e4 c6 2. c4 d5 3. cxd5 cxd5 4. exd5 Nf6 5. Qa4+ Nbd7 6. Nc3 g6 7. Nf3 Bg7 8. Bc4 0-0 9. d3 a6 10. Qa3 Rb8 11. Bf4 b5 12. Bxb8 Nxb8 13. Bb3 Qb6 14. Bc2 Bg4 15. Bd1 Nbd7 16. Qb3 Nc5 17. Qc2 Bf5 18. Be2 Rc8 19. 0-0 b4 20. Na4 Nxa4 21. Qxa4 Nxd5 22. d4 a5 23. Rac1 Rd8 24. Qc6 Qxc6 25. Rxc6 Nf4 26. Bc4 Be4 27. Rc5 Bxf3 28. gxf3 Bxd4 29. Rxa5 Bxb2 30. Ra7 e6 31. Bb3 Rd2 32. Rd1 Rxd1+ 33. Bxd1 Bc3 34. Rc7 g5 35. a4 Bd4 36. Rc4 e5 37. Rxb4 Nd3 38. Rxd4 exd4 39. a5 Nc5 40. Be2 d3 41. Bxd3 Nd7 42. a6 Nb6 43. a7 Kg7 44. Be4 h5 45. a8Q Nxa8 46. Bxa8 f5 47. Kf1 Kf6 48. Ke2 Ke5 49. Ke3 f4+ 50. Kd3 g4 51. fxg4 hxg4 52. Bb7 Kf5 53. Bc8+ Kg5 54. Ke4 g3 55. hxg3 fxg3 56. fxg3 Kg6 57. g4 1-0

[Event "RUS-ch Rapid"]
[Site "Sochi"]
[Date "2023.10.15"]
[Round "2"]
[White "Mikhailovsky, Vladimir"]
[Black "Novikov, Maxim"]
[Result "0-1"]
[WhiteElo "2215"]
[BlackElo "2435"]
[PlyCount "74"]
[EventDate "2023.10.15"]
[EventType "swiss (rapid)"]
[EventRounds "11"]
[EventCountry "RUS"]
[SourceTitle "Mega2024 Update 01"]
[Source "Chessbase"]
[SourceDate "2023.11.12"]
[SourceVersion "1"]
[SourceVersionDate "2023.11.12"]
[SourceQuality "1"]

1. e4 c5 2. Nf3 d6 3. d4 cxd4 4. Nxd4 Nf6 5. Nc3 g6 6. Be3 Bg7 7. f3 0-0 8. Qd2 Nc6 9. 0-0-0 d5 10. exd5 Nxd5 11. Nxc6 bxc6 12. Bd4 e5 13. Bc5 Be6 14. Ne4 Re8 15. h4 Nf4 16. Qc3 Bh6 17. Nd2 e4 18. fxe4 Bg4 19. Re1 Nd5 20. Qd4 Qa5 21. Bc4 Bxd2+ 22. Qxd2 Qxc5 23. Bb3 Nb6 24. h5 Nc4 25. Qc3 Qg5+ 26. Kb1 Nd2+ 27. Ka1 Nxb3+ 28. axb3 Qe5 29. hxg6 fxg6 30. Qxc6 Rac8 31. Qb7 Re7 32. Qb4 Rxc2 33. Qa3 Qc5 34. Qa4 Bd7 35. Qa6 Re6 36. Qd3 Rd6 37. Qg3 Rxb2 0-1

[Event "RUS-ch Blitz"]
[Site "Sochi"]
[Date "2023.10.14"]
[Round "4"]
[White "Mikhailovsky, Vladimir"]
[Black "Faizrakhmanov, Ramil"]
[Result "1/2-1/2"]
[WhiteElo "2215"]
[BlackElo "2460"]
[PlyCount "77"]
[EventDate "2023.10.14"]
[EventType "swiss (blitz)"]
[EventRounds "13"]
[EventCountry "RUS"]
[SourceTitle "Mega2024 Update 01"]
[Source "Chessbase"]
[SourceDate "2023.11.12"]
[SourceVersion "1"]
[SourceVersionDate "2023.11.12"]
[SourceQuality "1"]

1. e4 c6 2. d4 d5 3. exd5 cxd5 4. Bd3 Nc6 5. c3 Nf6 6. h3 g6 7. Nf3 Bf5 8. 0-0 Bxd3 9. Qxd3 Bg7 10. Re1 0-0 11. Na3 a6 12. Nc2 Qc7 13. a4 Ne4 14. Be3 Na5 15. Nd2 Nxd2 16. Bxd2 Nb3 17. Ra3 Nxd2 18. Qxd2 Rfc8 19. a5 b5 20. Nb4 e6 21. Nd3 Bf8 22. b4 Bg7 23. Nc5 e5 24. dxe5 Bxe5 25. Qxd5 Re8 26. Kf1 Rad8 27. Qb7 Qd6 28. Qf3 Qd2 29. Qe2 Bxc3 30. Qxd2 Bxd2 31. Rxe8+ Rxe8 32. Ra1 Bxb4 33. Nxa6 Bc3 34. Rb1 Bxa5 35. g3 Re5 36. Nb8 Rd5 37. Nc6 Bd8 38. Nxd8 Rxd8 39. Rxb5 1/2-1/2

[Event "RUS-ch Blitz"]
[Site "Sochi"]
[Date "2023.10.14"]
[Round "2"]
[White "Mikhailovsky, Vladimir"]
[Black "Galchenko, Matvey"]
[Result "0-1"]
[WhiteElo "2215"]
[BlackElo "2438"]
[PlyCount "66"]
[EventDate "2023.10.14"]
[EventType "swiss (blitz)"]
[EventRounds "13"]
[EventCountry "RUS"]
[SourceTitle "Mega2024 Update 01"]
[Source "Chessbase"]
[SourceDate "2023.11.12"]
[SourceVersion "1"]
[SourceVersionDate "2023.11.12"]
[SourceQuality "1"]

1. e4 e6 2. Qe2 Be7 3. Nf3 d5 4. d3 Nf6 5. h3 0-0 6. g4 dxe4 7. dxe4 b6 8. Nc3 Ba6 9. Qe3 Bc5 10. Qf4 e5 11. Qf5 Bc8 12. Qg5 Nc6 13. Be3 Bb4 14. Bd3 Bb7 15. 0-0 Bxc3 16. bxc3 Qe7 17. Nh4 Nd7 18. Qh5 g6 19. Qh6 Qf6 20. Rad1 Qg7 21. Bc4 Nf6 22. Bd5 Na5 23. Nf3 Nxe4 24. Bxb7 Nxb7 25. Rd7 Rac8 26. Qh4 Qf6 27. Ng5 h6 28. Qxh6 Nxg5 29. Bxg5 Qg7 30. Qh4 Nc5 31. Rd5 f6 32. Be3 Ne4 33. f3 c5 0-1

[Event "Anapa Rapid op"]
[Site "Anapa"]
[Date "2023.10.04"]
[Round "6"]
[White "Khripachenko, Alexander"]
[Black "Mikhailovsky, Vladimir"]
[Result "0-1"]
[WhiteElo "2259"]
[BlackElo "2215"]
[PlyCount "76"]
[EventDate "2023.10.03"]
[EventType "swiss (rapid)"]
[EventRounds "11"]
[EventCountry "RUS"]
[SourceTitle "Mega2024 Update 01"]
[Source "Chessbase"]
[SourceDate "2023.11.12"]
[SourceVersion "1"]
[SourceVersionDate "2023.11.12"]
[SourceQuality "1"]

1. e4 c6 2. d4 d5 3. e5 Bf5 4. Nd2 e6 5. Nb3 Nd7 6. Nf3 a6 7. Be2 c5 8. c3 h6 9. 0-0 c4 10. Nbd2 Ne7 11. Ne1 b5 12. f4 Bh7 13. g3 b4 14. Qa4 Qb6 15. Bxc4 Nf5 16. Be2 Qc7 17. Nb3 bxc3 18. Rf3 Be7 19. Rxc3 Qa7 20. Rc6 0-0 21. Rxa6 Qb7 22. Bd2 Nb6 23. Qb5 Rxa6 24. Qxa6 Qxa6 25. Bxa6 Nc4 26. Bc3 Nfe3 27. Nd2 Rb8 28. b3 Na3 29. Rc1 Nec2 30. Nxc2 Nxc2 31. Be2 Ba3 32. Rf1 Rc8 33. Nb1 Ne3 34. Rf3 Bxb1 35. Rxe3 Bc1 36. Rf3 Be4 37. Ba6 Ra8 38. Bb7 Rxa2 0-1

[Event "Anapa Rapid op"]
[Site "Anapa"]
[Date "2023.10.04"]
[Round "8"]
[White "Mikhailovsky, Vladimir"]
[Black "Grebnev, Aleksey"]
[Result "0-1"]
[WhiteElo "2215"]
[BlackElo "2492"]
[PlyCount "104"]
[EventDate "2023.10.03"]
[EventType "swiss (rapid)"]
[EventRounds "11"]
[EventCountry "RUS"]
[SourceTitle "Mega2024 Update 01"]
[Source "Chessbase"]
[SourceDate "2023.11.12"]
[SourceVersion "1"]
[SourceVersionDate "2023.11.12"]
[SourceQuality "1"]

1. e4 c5 2. Nf3 d6 3. d4 cxd4 4. Nxd4 Nf6 5. Nc3 a6 6. Rg1 Nc6 7. g4 h6 8. h4 Nxd4 9. Qxd4 e5 10. Qd1 Be6 11. g5 hxg5 12. hxg5 Nd7 13. Be3 Rc8 14. Qd2 Qa5 15. a3 Be7 16. 0-0-0 Nb6 17. g6 f6 18. Kb1 Rh2 19. Be2 Nc4 20. Bxc4 Rxc4 21. Rh1 Rg2 22. Rhg1 Rh2 23. Rh1 Rg2 24. Rdg1 Rxg1+ 25. Rxg1 f5 26. exf5 Bxf5 27. Bg5 Qc5 28. Bxe7 Kxe7 29. Nd5+ Ke6 30. Ne3 Rf4 31. Qe2 Be4 32. Ka1 d5 33. c3 Qb5 34. Qd2 Qd3 35. Qe1 b5 36. Rg3 Rf3 37. Rxf3 Bxf3 38. Qc1 Qe2 39. Qg1 d4 40. cxd4 exd4 41. Ng2 Qd1+ 42. Qxd1 Bxd1 43. Kb1 Bf3 44. Nf4+ Kf5 45. Nd3 Be4 46. Kc2 Kxg6 47. Kd2 Bxd3 48. Kxd3 Kf5 49. Kxd4 Kf4 50. Kc5 Kf3 51. Kb6 Kxf2 52. Kxa6 g5 0-1